UBT Library

Illustrated graphics glossary of terms used in printing, publishing, photography, and other fields of interest to graphic designers, their clients, and their suppliers / (Record no. 39471)

000 -LEADER
fixed length control field 00723nam a2200229 i 4500
001 - CONTROL NUMBER
control field 437893
005 - DATE AND TIME OF LATEST TRANSACTION
control field 20171227043952.0
008 - FIXED-LENGTH DATA ELEMENTS--GENERAL INFORMATION
fixed length control field 810218s1980 enka bd 000 0 eng
010 ## - LIBRARY OF CONGRESS CONTROL NUMBER
LC control number 81453358
015 ## - NATIONAL BIBLIOGRAPHY NUMBER
National bibliography number GB***
020 ## - INTERNATIONAL STANDARD BOOK NUMBER
International Standard Book Number 009141511X (pbk.) :
Terms of availability £5.95
040 ## - CATALOGING SOURCE
Original cataloging agency DLC
Transcribing agency DLC
Modifying agency DLC
041 ## - LANGUAGE CODE
Language code of text/sound track or separate title eng
080 ## - UNIVERSAL DECIMAL CLASSIFICATION NUMBER
Universal Decimal Classification number 741.603 GAR
082 00 - DEWEY DECIMAL CLASSIFICATION NUMBER
Classification number 741.603 GAR
Edition number 19
100 1# - Rafti
Rafti 44
101 ## - Shkurtesa
Shkurtesa ART
245 10 - TITLE STATEMENT
Title Illustrated graphics glossary of terms used in printing, publishing, photography, and other fields of interest to graphic designers, their clients, and their suppliers /
Statement of responsibility, etc Ken Garland.
504 ## - BIBLIOGRAPHY, ETC. NOTE
Bibliography, etc Bibliography: p. 187-192.
906 ## - LOCAL DATA ELEMENT F, LDF (RLIN)
a 7
b cbc
c orignew
d 4
e ncip
f 19
g y-gencatlg
942 ## - ADDED ENTRY ELEMENTS (KOHA)
Source of classification or shelving scheme
Item type Books
Holdings
Withdrawn status Lost status Source of classification or shelving scheme Damaged status Not for loan Collection code Permanent location Current location Shelving location Date acquired Total Checkouts Full call number Barcode Date last seen Price effective from Koha item type
          Koleksioni i përgjithshem UBT - Lipjan UBT - Lipjan Koleksioni i përgjithshem 12/27/2017   741.603 GAR 002-2994044 12/27/2017 12/27/2017 Books
UBT Library © 2015-2024. All rights reserved University Education for Business and Technology